000 01441nam a2200253Ia 4500
003 Ost
005 20260507074904.0
008 260507s9999||||xx |||||||||||||| ||und||
020 _a9957330349
040 _cfsecg
041 _aara
082 _a352.96
100 _aأبو عياش، عبد الإله
_eمؤلف
245 0 _aالتخطيط السياحي :
_bمدخل استراتيجي /
_c عبد الإله أبو عياش
260 _aعمان:
_bمؤسسة الوراق للنشر والتوزيع,
_c2004
300 _a399 صفحة؛
_bإيضاحات ؛
_c26 سم
504 _aببليوغرافيا: ص.62
520 _aيضم التخطيط والتنمية، مراحل عملية التخطيط السياحي، التخطيط السياحي الإقليمي، التخطيط السياحي القطاعي، تطوير مناطق الجذب السياحي، التخطيط للخدمات الترفيهية، دور التسويق في التخطيط الإستراتيجي، التخطيط للموارد البشرية في السياحة، تجارب التخطيط السياحي في الدول العربية، أخلاقيات المهن السياحية
653 _aالتخطيط الإجتماعي- الوطن العربي
653 _aالتنمية الإجتماعية
653 _aالسياحة
700 _aالطائي، حميد عبد النبي
_eمؤلف ثانوي
942 _cكتاب
999 _c41680
_d41680